Human resource development in universities / (Record no. 346788)
[ view plain ]
| 000 -LEADER | |
|---|---|
| fixed length control field | 00515 a2200157 4500 |
| 020 ## - INTERNATIONAL STANDARD BOOK NUMBER | |
| International Standard Book Number | 8176480479 (hardcover) |
| 020 ## - INTERNATIONAL STANDARD BOOK NUMBER | |
| International Standard Book Number | 9788176480475 (hardcover) |
| 090 ## - LOCALLY ASSIGNED LC-TYPE CALL NUMBER (OCLC); LOCAL CALL NUMBER (RLIN) | |
| -- | 4343 |
| -- | 4343 |
| 100 1# - MAIN ENTRY--PERSONAL NAME | |
| Personal name | AHMAD, SHAKEEL. |
| 245 10 - TITLE STATEMENT | |
| Title | Human resource development in universities / |
| Statement of responsibility, etc. | SHAKEEL AHMAD. |
| 250 ## - EDITION STATEMENT | |
| Edition statement | 1st ed. |
| 260 ## - PUBLICATION, DISTRIBUTION, ETC. | |
| Place of publication, distribution, etc. | [S.l.] : |
| Name of publisher, distributor, etc. | APH Publishing Corp., |
| Date of publication, distribution, etc. | 1999. |
| 300 ## - PHYSICAL DESCRIPTION | |
| Extent | 326 p. ; |
| Dimensions | 22 cm. |
| 856 40 - ELECTRONIC LOCATION AND ACCESS | |
| Materials specified | Amazon.com |
| Uniform Resource Identifier | <a href="http://www.amazon.com/exec/obidos/ASIN/8176480479/chopaconline-20">http://www.amazon.com/exec/obidos/ASIN/8176480479/chopaconline-20</a> |
| 942 ## - ADDED ENTRY ELEMENTS (KOHA) | |
| Institution code [OBSOLETE] | NBS |
| Koha item type | Book |
| Call number prefix | 658.3 AHM |
| Withdrawn status | Lost status | Damaged status | Not for loan | Permanent Location | Current Location | Date acquired | Total Checkouts | Full call number | Barcode | Date last seen | Date last checked out | Price effective from | Koha item type |
|---|---|---|---|---|---|---|---|---|---|---|---|---|---|
| Central Library (CL) | Central Library (CL) | 08/28/2013 | 1 | 658.3 AHM | NBS1585 | 02/19/2015 | 11/19/2014 | 08/28/2013 | Book |
